Stati per Altezza media femminile - Statistics

Statistiche generali
  • Questo quiz è stato fatto 13 volte
  • Il punteggio medio è 8 su 10
Statistiche sulle risposte
Altezza media femminile (cm) Continente Nazione % Corretto
167,6 Europa Germania
100%
170,7 Europa Paesi Bassi
92%
168,1 Europa Belgio
85%
167,2 Europa Finlandia
85%
168,0 Europa Islanda
85%
167,4 Europa Slovenia
85%
167,2 Europa Danimarca
77%
168,8 Europa Lettonia
77%
167,5 Europa Lituania
77%
169,4 Europa Montenegro
54%
Nessun quiz corrispondente trovato
Distribuzione punteggi
Percentuale di utenti per punteggio
Percentile per numero di risposta
I tuoi punteggi nel tempo
Non hai fatto questo quiz